| 000 | 00402nam a2200145 i 4500 | ||
|---|---|---|---|
| 001 | 146258 | ||
| 003 | ES-MaACL | ||
| 005 | 20230906201453.0 | ||
| 007 | t| | ||
| 008 | 070905s1971 sp ||||1| spa d | ||
| 245 | 0 | 0 |
_aTransistores equivalencias / _c[traductor: Daniel Santano y León]. |
| 260 |
_aMadrid : _bParaninfo, _c1971. |
||
| 300 |
_a160 p. ; _c16 cm. |
||
| 852 |
_aES-MaACL _jC-40864 _bR.78972 |
||
| 999 |
_c146258 _d146258 |
||